000 00606nam a22002411c 4500
001 a987669145
008 120320s1996 gw |||| 000u rus d
041 _arus
245 0 0 _aVoprosy ekonomičeskoj istorii Rossi XVIII-XX vv.
264 _aTomsk,
_c1996
300 _a226 S.
650 0 _aWirtschaft
650 0 _a
651 0 _aTomsk
651 0 _aSibirien
655 0 _aAufsatzsammlung
700 1 _aBol'šakov, V. N.
_eHerausgeberIn
700 1 _aBuzanova, V. A.
_eHerausgeberIn
700 1 _aZinov'ev, V. P.
_eHerausgeberIn
942 _cMG
040 _cRU-10907106
003 RU-10907106
999 _c23031
_d23031